Statistics for Stayin' Alive lyrics

Click here to take the quiz!

General Stats

  • This quiz has been taken 33 times
  • The average score is 12 of 28

Answer Stats

Lyric% Correct
I'm a woman's {man}: no time to talk.
89%
You're stayin' {alive}, stayin' alive.
89%
Well, you can tell by the way I use my {walk},
79%
And you may {look} the other way.
71%
Ah, ha, ha, {ha}, stayin' alive, stayin' alive.
68%
{Ah}, ha, ha, ha, stayin' alive.
64%
{And} we're stayin' alive, stayin' alive.
64%
You know it's all right. It's {OK}.
61%
And now it's all {right}. It's OK.
57%
I'll live to see {another} day.
57%
We can try to {understand}
54%
We can try to {understand}
54%
Or whether you're a {mother},
43%
Whether you're a {brother}
43%
And everybody {shakin}',
36%
And if I can't get either, I really {try}.
32%
I'm a {dancin}' man and I just can't lose.
29%
{Stayin}' {alive}.
29%
Well, now, I get {low} and I get high,
29%
Feel the city {breakin}'
25%
Life goin' {nowhere}. Somebody help me.
18%
Life goin' {nowhere}. Somebody help me, yeah.
18%
Somebody help me, {yeah}.
18%
I've been {kicked} around since I was born.
14%
The {New York Times}' effect on man.
14%
The {New York Times}' effect on man.
14%
Got the wings of {heaven} on my shoes.
11%
Music loud and women {warm},
11%

Score Distribution

Percentile by Number Answered

Percent of People with Each Score

Your Score History

You have not taken this quiz